[Event "Greifswald op"]
[Site "Greifswald"]
[Date "2003.08.31"]
[Round "6"]
[White "Pirschel, Roberto"]
[Black "Scheiwe, Clemens"]
[Result "1-0"]
[WhiteElo "1349"]
[BlackElo "802"]
[PlyCount "49"]
[EventDate "2003.08.??"]
[EventType "swiss"]
[EventRounds "7"]
[EventCountry "GER"]
[SourceTitle "EXT 2005"]
[Source "ChessBase"]
[SourceDate "2004.11.15"]
[SourceVersion "1"]
[SourceVersionDate "2004.11.15"]
[SourceQuality "1"]

1. e4 e5 2. Nf3 Nc6 3. Bc4 Bc5 4. c3 Nf6 5. d4 exd4 6. e5 Ne4 7. Bd5 dxc3 8. Bxe4 Nb4 9. Nxc3 Qe7 10. 0-0 0-0 11. Bg5 Qe8 12. Nb5 Rb8 13. Nxc7 b6 14. Nxe8 Rxe8 15. a3 Ba6 16. axb4 Bxb4 17. Rxa6 Rbd8 18. Bxd8 Rxd8 19. Rxa7 d6 20. Qb3 Rf8 21. Qxb4 g6 22. exd6 Kg7 23. Qd4+ Kh6 24. g4 g5 25. Qf6# 1-0

[Event "Greifswald op U18a"]
[Site "Greifswald"]
[Date "2002.07.11"]
[Round "1"]
[White "Pirschel, Roberto"]
[Black "Voelsgen, Georg"]
[Result "1-0"]
[WhiteElo "1303"]
[BlackElo "649"]
[PlyCount "39"]
[EventDate "2002.07.??"]
[EventType "swiss"]
[EventRounds "7"]
[EventCountry "GER"]
[SourceTitle "EXT 2005"]
[Source "ChessBase"]
[SourceDate "2004.11.15"]
[SourceVersion "1"]
[SourceVersionDate "2004.11.15"]
[SourceQuality "1"]

1. e4 e5 2. Nf3 Nc6 3. Bc4 Bc5 4. c3 Bb6 5. d3 d6 6. Ng5 Nh6 7. 0-0 f6 8. Qh5+ g6 9. Qxh6 fxg5 10. Bxg5 Qd7 11. Kh1 Rf8 12. f4 Be3 13. Na3 Qg4 14. fxe5 Rxf1+ 15. Rxf1 Bxg5 16. Qf8+ Kd7 17. Rf7+ Ne7 18. e6+ Kc6 19. Qe8+ Bd7 20. Qxd7+ 1-0